[Event "X Festival A"]
[Site "Campobasso ITA"]
[Date "2003.07.13"]
[Round "6"]
[White "Russi, Roberto"]
[Black "Vincenzi, Marco"]
[Result "0-1"]
[WhiteElo "2125"]
[BlackElo "2004"]
[PlyCount "46"]
[EventDate "2003.07.11"]

1. c4 c5 2. Nc3 Nf6 3. Nf3 Nc6 4. d4 cxd4 5. Nxd4 g6 6. e3 Bg7 7. Be2 O-O 8.
O-O a6 9. Rb1 d5 10. cxd5 Nxd5 11. Bf3 Nxd4 12. exd4 e6 13. a4 Bd7 14. Nxd5
exd5 15. Bxd5 Bf5 16. Bxb7 Ra7 17. Bxa6 Bxb1 18. Bb5 Be4 19. Be3 Bd5 20. b4 Qe7
21. Qd2 f5 22. Ra1 f4 23. Bxf4 Qe4 0-1

[Event "X Festival A"]
[Site "Campobasso ITA"]
[Date "2003.07.13"]
[Round "6"]
[White "Shytaj, Carlo"]
[Black "Lettieri, Giuseppe"]
[Result "1/2-1/2"]
[WhiteElo "2150"]
[BlackElo "1894"]
[PlyCount "78"]
[EventDate "2003.07.11"]

1. e4 c5 2. Nf3 d6 3. Bb5+ Bd7 4. Bxd7+ Qxd7 5. O-O Nc6 6. c3 g6 7. d4 cxd4 8.
cxd4 Bg7 9. Be3 Nf6 10. Nc3 O-O 11. d5 Ne5 12. Nxe5 dxe5 13. f3 e6 14. dxe6
Qxe6 15. Qe2 Rac8 16. Rfd1 a6 17. Rd2 Qc4 18. Qxc4 Rxc4 19. Rd6 Rfc8 20. Rb6
R8c7 21. Rd1 h5 22. Bg5 Rd4 23. Bxf6 Rxc3 24. Rxd4 Rc1+ 25. Kf2 exd4 26. Bxg7
Kxg7 27. Rxb7 Rc2+ 28. Kg3 d3 29. Rd7 Rxb2 30. Rxd3 Rxa2 31. e5 a5 32. Rd7 Kf8
33. f4 a4 34. Ra7 a3 35. h3 Kg8 36. Kf3 Ra1 37. Ra6 Kf8 38. Kg3 Ra2 39. Ra7 Kg8
1/2-1/2

[Event "X Festival A"]
[Site "Campobasso ITA"]
[Date "2003.07.13"]
[Round "6"]
[White "Shytaj, Luca"]
[Black "Capuano, Eugenio"]
[Result "1-0"]
[WhiteElo "2336"]
[BlackElo "2143"]
[PlyCount "62"]
[EventDate "2003.07.11"]

1. e4 c5 2. Nf3 Nc6 3. Nc3 g6 4. d4 cxd4 5. Nxd4 Bg7 6. Be3 Nf6 7. Bc4 O-O 8.
O-O d6 9. h3 Nxe4 10. Nxe4 d5 11. Nxc6 bxc6 12. Bd3 dxe4 13. Bxe4 Ba6 14. Qxd8
Rfxd8 15. Rfd1 Bxb2 16. Rab1 Bc3 17. Bxc6 Rxd1+ 18. Rxd1 Rc8 19. Ba4 Bc4 20.
Bb3 a5 21. Rd7 Bb4 22. Ra7 f6 23. g3 Kf7 24. Kg2 Rc6 25. h4 h5 26. Ra8 Ke6 27.
Kg1 Kf5 28. a3 Bc3 29. Bxc4 Rxc4 30. Kf1 Ra4 31. Bc1 Rc4 1-0

[Event "X Festival A"]
[Site "Campobasso ITA"]
[Date "2003.07.13"]
[Round "6"]
[White "Stromboli, Carlo"]
[Black "De Vita, Igor"]
[Result "1/2-1/2"]
[WhiteElo "1744"]
[BlackElo "2158"]
[PlyCount "67"]
[EventDate "2003.07.11"]

1. e4 c5 2. Nf3 Nc6 3. d4 cxd4 4. Nxd4 e5 5. Nb5 d6 6. N1c3 Nf6 7. g3 a6 8. Na3
b5 9. Ne2 Be6 10. Bg2 d5 11. exd5 Bxd5 12. O-O Bc5 13. c3 Bxg2 14. Kxg2 Qc7 15.
Nc2 Rd8 16. Qe1 Qb7 17. Kg1 Ng4 18. Ne3 h5 19. Nxg4 hxg4 20. Be3 Qb6 21. Bxc5
Qxc5 22. Rd1 e4 23. Rxd8+ Kxd8 24. Nd4 Nxd4 25. cxd4 Qh5 26. h4 g5 27. Qxe4
gxh4 28. Re1 hxg3 29. Qe7+ Kc8 30. Rc1+ Kb8 31. Qc7+ Ka8 32. Qc6+ Ka7 33. Qc7+
Ka8 34. Qc6+ 1/2-1/2

[Event "X Festival A"]
[Site "Campobasso ITA"]
[Date "2003.07.13"]
[Round "6"]
[White "Zaja, Ivan"]
[Black "Zimina, Olga"]
[Result "1/2-1/2"]
[WhiteElo "2430"]
[BlackElo "2367"]
[PlyCount "123"]
[EventDate "2003.07.11"]

1. d4 d5 2. c4 c6 3. Nf3 Nf6 4. Nc3 a6 5. c5 Nbd7 6. Bf4 Nh5 7. Bg5 h6 8. Bd2
Nhf6 9. Qc2 g6 10. g4 Bg7 11. Rg1 Qc7 12. g5 hxg5 13. Nxg5 Nf8 14. e4 Rxh2 15.
Nf3 Rh8 16. e5 Ne4 17. Nxe4 dxe4 18. Qxe4 Bf5 19. Qe3 Ne6 20. O-O-O Rd8 21. Bc4
Rh3 22. Rg3 Rh5 23. Qc3 Qd7 24. Be3 Nc7 25. Rg5 Rxg5 26. Nxg5 Ne6 27. d5 Nxg5
28. Bxg5 cxd5 29. Bxd5 Be6 30. c6 Qc7 31. Bxe6 fxe6 32. cxb7 Bxe5 33. Qxc7
Rxd1+ 34. Kxd1 Bxc7 35. Be3 Bb8 36. Ke2 Kd7 37. Kf3 Kc6 38. Kg4 Kxb7 39. Kg5
Kc6 40. Kxg6 Be5 41. b3 Kd7 42. Kg5 Kc6 43. Kg4 Kb5 44. Bd2 Kc5 45. Kf3 Kd4 46.
Ke2 Bd6 47. Ba5 e5 48. Kd2 e4 49. Bc3+ Kd5 50. a4 Bc5 51. Ke2 Bb6 52. Bd2 e6
53. Be3 Ba5 54. Kd1 Bc3 55. Kc2 Bb4 56. Bd2 Bc5 57. Be1 Bb6 58. Kc3 Bc5 59. b4
Bb6 60. Kb3 Kd4 61. a5 Ba7 62. Bd2 1/2-1/2